[Event "17. Obert Int. Sant Marti 2015 - B"]
[Site "Barcelona ESP"]
[Date "2015.07.21"]
[Round "9.48"]
[White "Grasa Solanas, Oscar"]
[Black "Fungueiriño Pique, Daniel"]
[Result "0-1"]
[WhiteElo "1682"]
[BlackElo "1859"]
[PlyCount "116"]
[EventDate "2015.07.13"]
[EventType "swiss"]
[EventRounds "9"]
[EventCountry "ESP"]
[SourceTitle "Ajedrez en Madrid"]
[Source "lmi"]
[SourceDate "2015.07.13"]
[SourceVersion "1"]
[SourceVersionDate "2019.06.21"]
[SourceQuality "1"]

1. e4 e6 2. d4 d5 3. Nc3 Bb4 4. e5 c5 5. a3 Bxc3+ 6. bxc3 Nc6 7. Qg4 Kf8 8. Nf3
h5 9. Qf4 Nh6 10. dxc5 Qa5 11. Bd2 Qxc5 12. Bd3 Kg8 13. O-O Bd7 14. c4 d4 15.
Rfb1 Bc8 16. Rb5 Qe7 17. Nxd4 Nxd4 18. Qxd4 Nf5 19. Qe4 Rb8 20. c5 Qc7 21. Qb4
Bd7 22. Ra5 Ne7 23. Be4 Nc6 24. Bxc6 Bxc6 25. Rb1 Qxe5 26. Bf4 Qd5 27. f3 e5
28. Be3 f5 29. Rxa7 h4 30. Rf1 f4 31. Bf2 Qe6 32. Qc3 g5 33. Rd1 Qf5 34. Rd6 g4
35. Qa5 Rf8 36. Ra8 Kg7 37. Rxf8 Rxf8 38. Qc3 Kg8 39. Bxh4 gxf3 40. gxf3 Qh5
41. Be7 Rf7 42. Bf6 Qg6+ 43. Kf2 Rxf6 44. Qc4+ Kg7 45. Rd8 Rf7 46. Qf1 Qxc2+
47. Kg1 Rf6 48. Kh1 Rg6 49. h4 Rg3 50. Rd3 e4 51. Rd8 e3 52. Qa1+ Kf7 53. Rf8+
Kxf8 54. Qf6+ Ke8 55. Qe6+ Kf8 56. Qf6+ Kg8 57. Qe6+ Kh7 58. Qf7+ Rg7 0-1

[Event "17. Obert Int. Sant Marti 2015 - B"]
[Site "Barcelona ESP"]
[Date "2015.07.21"]
[Round "9.49"]
[White "Cort Hidalgo, Jordi"]
[Black "Febrero Perez, Lluis"]
[Result "0-1"]
[WhiteElo "1850"]
[BlackElo "1787"]
[PlyCount "66"]
[EventDate "2015.07.13"]
[EventType "swiss"]
[EventRounds "9"]
[EventCountry "ESP"]
[SourceTitle "Ajedrez en Madrid"]
[Source "lmi"]
[SourceDate "2015.07.13"]
[SourceVersion "1"]
[SourceVersionDate "2019.06.21"]
[SourceQuality "1"]

1. e4 e5 2. f4 exf4 3. Nf3 d6 4. d4 Nc6 5. Bxf4 g6 6. Bc4 Bg7 7. O-O Nge7 8. c3
O-O 9. Ng5 d5 10. exd5 Nxd5 11. Bxd5 Qxd5 12. Nd2 h6 13. Nge4 Bf5 14. Qf3 Qd7
15. Bxh6 Nxd4 16. cxd4 Qxd4+ 17. Be3 Bxe4 18. Qxe4 Qxe4 19. Nxe4 Rfe8 20. Ng5
Rxe3 21. Rad1 Re7 22. b3 c5 23. Rfe1 Rae8 24. Rxe7 Rxe7 25. Rd8+ Bf8 26. Kf2 b6
27. Kf3 f6 28. Ne4 Kg7 29. Nxf6 Rf7 30. Rd7 Kxf6 31. Rxf7+ Kxf7 32. Ke4 Ke6 33.
a4 Bd6 0-1

[Event "17. Obert Int. Sant Marti 2015 - B"]
[Site "Barcelona ESP"]
[Date "2015.07.21"]
[Round "9.50"]
[White "De La Fuente Gil, Roberto"]
[Black "Lopez Oliva, Victor"]
[Result "0-1"]
[WhiteElo "1842"]
[BlackElo "1753"]
[PlyCount "86"]
[EventDate "2015.07.13"]
[EventType "swiss"]
[EventRounds "9"]
[EventCountry "ESP"]
[SourceTitle "Ajedrez en Madrid"]
[Source "lmi"]
[SourceDate "2015.07.13"]
[SourceVersion "1"]
[SourceVersionDate "2019.06.21"]
[SourceQuality "1"]

1. d4 Nf6 2. Nf3 g6 3. Bf4 Bg7 4. e3 O-O 5. Bd3 Nh5 6. Bg5 c5 7. c3 d6 8. e4
Nc6 9. d5 Ne5 10. Nxe5 Bxe5 11. O-O Re8 12. f4 Bg7 13. f5 f6 14. fxg6 hxg6 15.
Bd2 Kf7 16. g4 Qb6 17. Qc1 Bxg4 18. Na3 e5 19. dxe6+ Rxe6 20. Bc4 Rae8 21. Bf4
g5 22. Bxg5 Bh3 23. Rf2 Kg6 24. Bxe6 Rxe6 25. Be3 Rxe4 26. Qc2 f5 27. Rg2+ Bxg2
28. Kxg2 Rxe3 29. Kf2 c4 30. Nxc4 Rxc3+ 31. Nxb6 Rxc2+ 32. Kf3 axb6 33. Rg1+
Kf6 34. Rd1 Bf8 35. Rb1 d5 36. Rd1 Bc5 37. Rf1 d4 38. Rf2 Rxf2+ 39. Kxf2 d3+
40. Ke1 Bb4+ 41. Kd1 f4 42. a3 f3 43. axb4 f2 0-1

[Event "17. Obert Int. Sant Marti 2015 - B"]
[Site "Barcelona ESP"]
[Date "2015.07.21"]
[Round "9.51"]
[White "Cervera Lopez, Miguel"]
[Black "Siegel, Rainer"]
[Result "1-0"]
[WhiteElo "1831"]
[BlackElo "1647"]
[PlyCount "55"]
[EventDate "2015.07.13"]
[EventType "swiss"]
[EventRounds "9"]
[EventCountry "ESP"]
[SourceTitle "Ajedrez en Madrid"]
[Source "lmi"]
[SourceDate "2015.07.13"]
[SourceVersion "1"]
[SourceVersionDate "2019.06.21"]
[SourceQuality "1"]

1. e4 Nc6 2. d4 e5 3. d5 Nce7 4. Nf3 Nf6 5. Nc3 Ng6 6. Bc4 Be7 7. h4 h6 8. h5
Nf8 9. Nxe5 d6 10. Nf3 Bg4 11. Be2 Bxh5 12. Nd4 Bg6 13. Nf5 Bxf5 14. exf5 N8h7
15. Qd3 Qd7 16. Be3 a6 17. O-O-O b5 18. a3 Rc8 19. Ne4 Nxe4 20. Qxe4 Nf6 21.
Qd3 h5 22. g4 h4 23. g5 Nh7 24. Rxh4 Kf8 25. f6 gxf6 26. Rxh7 Rxh7 27. Qxh7
fxg5 28. Qh8# 1-0

[Event "17. Obert Int. Sant Marti 2015 - B"]
[Site "Barcelona ESP"]
[Date "2015.07.21"]
[Round "9.52"]
[White "Ani, Virgil"]
[Black "Jimenez Rimblas, Raul"]
[Result "1-0"]
[WhiteElo "1826"]
[BlackElo "1708"]
[PlyCount "47"]
[EventDate "2015.07.13"]
[EventType "swiss"]
[EventRounds "9"]
[EventCountry "ESP"]
[SourceTitle "Ajedrez en Madrid"]
[Source "lmi"]
[SourceDate "2015.07.13"]
[SourceVersion "1"]
[SourceVersionDate "2019.06.21"]
[SourceQuality "1"]

1. c4 e5 2. Nc3 Nf6 3. d3 g6 4. g3 Bg7 5. Bg2 O-O 6. Nf3 d6 7. O-O Nc6 8. Rb1
b6 9. Ng5 Bb7 10. b4 Rb8 11. a4 Nd4 12. Bxb7 Rxb7 13. e4 Qd7 14. b5 Bh6 15. Kg2
Bxg5 16. Bxg5 Ng4 17. h3 f6 18. Bd2 f5 19. hxg4 fxe4 20. Nxe4 Nf3 21. Ng5 Nxd2
22. Qxd2 Qxg4 23. f3 Qh5 24. Rh1 1-0

[Event "17. Obert Int. Sant Marti 2015 - B"]
[Site "Barcelona ESP"]
[Date "2015.07.21"]
[Round "9.53"]
[White "Olleta Tanya, Jordi"]
[Black "Garcia Gil, Jose Antonio"]
[Result "0-1"]
[WhiteElo "1720"]
[BlackElo "1852"]
[PlyCount "108"]
[EventDate "2015.07.13"]
[EventType "swiss"]
[EventRounds "9"]
[EventCountry "ESP"]
[SourceTitle "Ajedrez en Madrid"]
[Source "lmi"]
[SourceDate "2015.07.13"]
[SourceVersion "1"]
[SourceVersionDate "2019.06.21"]
[SourceQuality "1"]

1. Nf3 Nf6 2. g3 c6 3. Bg2 d5 4. d4 Bg4 5. O-O h6 6. Ne5 Bf5 7. Nd2 Nbd7 8.
Nxd7 Qxd7 9. Nf3 e6 10. Nh4 Bh7 11. Bh3 g5 12. Nf3 Qc7 13. Ne5 Rg8 14. e3 h5
15. f3 Bd6 16. f4 g4 17. Bg2 Ne4 18. Nd3 f5 19. Nf2 Nxf2 20. Rxf2 Qe7 21. Bf1
h4 22. Bd3 O-O-O 23. Kf1 Bg6 24. Ke2 hxg3 25. hxg3 Rh8 26. Bd2 Rh3 27. Rg2 Rdh8
28. Qg1 R8h6 29. Qf2 Qh7 30. Rag1 Kc7 31. c4 c5 32. Bc3 Rh1 33. a3 R6h2 34.
Rxh2 Rxh2 35. Rg2 Rxg2 36. Qxg2 Qh3 37. Kf2 Qxg2+ 38. Kxg2 a6 39. b4 cxb4 40.
axb4 Kc6 41. c5 Bc7 42. Kf2 Be8 43. Ke1 Bd7 44. Kd2 Bc8 45. Kc2 b6 46. cxb6
Bxb6 47. Kb3 Kb7 48. b5 Ka7 49. bxa6 Bxa6 50. Bxa6 Kxa6 51. Ka4 Bc7 52. Bb4 Bd8
53. Bc5 Bh4 54. Bb4 Bxg3 0-1

[Event "17. Obert Int. Sant Marti 2015 - B"]
[Site "Barcelona ESP"]
[Date "2015.07.21"]
[Round "9.54"]
[White "Izquierdo Pujol, Pol"]
[Black "Bienvenido Kleque, Jose"]
[Result "1-0"]
[WhiteElo "1832"]
[BlackElo "1717"]
[PlyCount "69"]
[EventDate "2015.07.13"]
[EventType "swiss"]
[EventRounds "9"]
[EventCountry "ESP"]
[SourceTitle "Ajedrez en Madrid"]
[Source "lmi"]
[SourceDate "2015.07.13"]
[SourceVersion "1"]
[SourceVersionDate "2019.06.21"]
[SourceQuality "1"]

1. e4 d5 2. exd5 Qxd5 3. Nc3 Qd8 4. d4 c6 5. Bc4 Bf5 6. Nge2 e6 7. Ng3 Bg6 8.
O-O Nf6 9. Bg5 Nbd7 10. Bd3 Bxd3 11. Qxd3 Be7 12. Rfe1 Qc7 13. Nce4 Nxe4 14.
Nxe4 Bxg5 15. Nxg5 Nf6 16. Qa3 Qe7 17. Qxe7+ Kxe7 18. Re3 h6 19. Nf3 Rhd8 20.
Rb3 b6 21. Re1 Rac8 22. Ra3 Ra8 23. c4 Rd6 24. c5 bxc5 25. dxc5 Rd5 26. b4 Ne8
27. Ra6 Kd7 28. Ne5+ Ke7 29. Nxc6+ Kd7 30. Rxa7+ Rxa7 31. Nxa7 Nc7 32. a4 Rd4
33. Rb1 Nd5 34. c6+ Kc7 35. Nb5+ 1-0

[Event "17. Obert Int. Sant Marti 2015 - B"]
[Site "Barcelona ESP"]
[Date "2015.07.21"]
[Round "9.55"]
[White "Pico Garcia, Antonio"]
[Black "Molina Tabernero, Jordi"]
[Result "1-0"]
[WhiteElo "1821"]
[BlackElo "1729"]
[PlyCount "91"]
[EventDate "2015.07.13"]
[EventType "swiss"]
[EventRounds "9"]
[EventCountry "ESP"]
[SourceTitle "Ajedrez en Madrid"]
[Source "lmi"]
[SourceDate "2015.07.13"]
[SourceVersion "1"]
[SourceVersionDate "2019.06.21"]
[SourceQuality "1"]

1. e4 d5 2. Nc3 d4 3. Nce2 e5 4. Ng3 Nf6 5. Nf3 Bg4 6. c3 dxc3 7. bxc3 Nbd7 8.
Be2 Bc5 9. O-O c6 10. d4 Bd6 11. Nf5 Bxf5 12. exf5 e4 13. Nd2 Qc7 14. h3 b5 15.
Re1 O-O-O 16. Nb3 Nd5 17. Bd2 Rde8 18. Bg4 N7f6 19. a4 h5 20. Be2 e3 21. fxe3
Nxe3 22. Bxe3 Rxe3 23. Bf3 Rxe1+ 24. Qxe1 Re8 25. Qf1 Qb6 26. axb5 cxb5 27. c4
bxc4 28. Qxc4+ Qc7 29. Qf1 Ne4 30. Bxe4 Rxe4 31. Rc1 Rf4 32. Rxc7+ Bxc7 33.
Qa6+ Kd7 34. Nc5+ Kd8 35. Qxa7 Rxf5 36. Qa8+ Ke7 37. Qc8 Rxc5 38. dxc5 Bd8 39.
Qb7+ Ke6 40. Qb3+ Ke7 41. Qd5 g6 42. Qd6+ Ke8 43. c6 Bb6+ 44. Kf1 Ba5 45. Qe5+
Kd8 46. Qxa5+ 1-0

[Event "17. Obert Int. Sant Marti 2015 - B"]
[Site "Barcelona ESP"]
[Date "2015.07.21"]
[Round "9.56"]
[White "Navarro Oliva, Ivan Tomás"]
[Black "Ylla Soro, Rafael"]
[Result "0-1"]
[WhiteElo "1686"]
[BlackElo "1811"]
[PlyCount "74"]
[EventDate "2015.07.13"]
[EventType "swiss"]
[EventRounds "9"]
[EventCountry "ESP"]
[SourceTitle "Ajedrez en Madrid"]
[Source "lmi"]
[SourceDate "2015.07.13"]
[SourceVersion "1"]
[SourceVersionDate "2019.06.21"]
[SourceQuality "1"]

1. e4 c5 2. Nf3 e6 3. Bc4 Nc6 4. Nc3 a6 5. d4 cxd4 6. Nxd4 Qc7 7. Be3 b5 8. Be2
Bb7 9. Bf3 Nf6 10. Nce2 Ne5 11. Ng3 Bd6 12. Bg5 Nxf3+ 13. Qxf3 Be5 14. Bxf6
Bxf6 15. c3 d5 16. exd5 O-O 17. O-O Bxd4 18. cxd4 Bxd5 19. Rfc1 Qb7 20. Qf4
Rac8 21. Rxc8 Rxc8 22. f3 Rc2 23. b3 h6 24. Nf1 Qc8 25. Ne3 Rc1+ 26. Rxc1 Qxc1+
27. Kf2 Qd2+ 28. Kg3 Qxa2 29. Nxd5 exd5 30. Qb8+ Kh7 31. Qb7 Qxb3 32. Qxa6 Qc4
33. Qa7 b4 34. Qxf7 Qd3 35. Qxd5 b3 36. Qb7 Qc2 37. Qd5 b2 0-1

[Event "17. Obert Int. Sant Marti 2015 - B"]
[Site "Barcelona ESP"]
[Date "2015.07.21"]
[Round "9.57"]
[White "Castilla Casanova, Víctor"]
[Black "Cano Vila, Eduard"]
[Result "1-0"]
[WhiteElo "1713"]
[BlackElo "1804"]
[PlyCount "117"]
[EventDate "2015.07.13"]
[EventType "swiss"]
[EventRounds "9"]
[EventCountry "ESP"]
[SourceTitle "Ajedrez en Madrid"]
[Source "lmi"]
[SourceDate "2015.07.13"]
[SourceVersion "1"]
[SourceVersionDate "2019.06.21"]
[SourceQuality "1"]

1. e4 e5 2. Nc3 Nf6 3. f4 d6 4. Nf3 Nc6 5. Bc4 Nxe4 6. Nxe4 d5 7. Bxd5 Qxd5 8.
Nc3 Qe6 9. O-O Bc5+ 10. Kh1 O-O 11. Re1 f6 12. Ne4 Qe7 13. c3 exf4 14. Qc2 Re8
15. d4 Bf5 16. Bxf4 Bxe4 17. Qb3+ Kh8 18. dxc5 b6 19. cxb6 axb6 20. Qc4 Qe6 21.
Qxe6 Rxe6 22. Bxc7 Rae8 23. Bxb6 Bxf3 24. Rxe6 Bxg2+ 25. Kxg2 Rxe6 26. Kf2 Ne5
27. Rd1 g6 28. Bd4 Kg7 29. Bxe5 Rxe5 30. b4 Rf5+ 31. Kg2 Rg5+ 32. Kf2 Rf5+ 33.
Kg2 Rg5+ 34. Kh1 f5 35. Rg1 Rh5 36. b5 f4 37. a4 Rc5 38. Rb1 Rf5 39. b6 f3 40.
Kg1 f2+ 41. Kf1 Rf8 42. b7 Kf7 43. b8=Q Rxb8 44. Rxb8 Ke7 45. a5 Kd7 46. a6 Kc7
47. Rb1 g5 48. a7 g4 49. a8=Q h5 50. Rb7+ Kd6 51. Qf8+ Kd5 52. Qxf2 g3 53. Qxg3
h4 54. Qxh4 Kd6 55. Rb5 Kc6 56. Qa4 Kc7 57. Qa6 Kd7 58. Rb7+ Kc8 59. Qa8# 1-0

[Event "17. Obert Int. Sant Marti 2015 - B"]
[Site "Barcelona ESP"]
[Date "2015.07.21"]
[Round "9.59"]
[White "Cassi Gimeno, Jordi"]
[Black "Minko, Uliana"]
[Result "0-1"]
[WhiteElo "1747"]
[BlackElo "1270"]
[PlyCount "102"]
[EventDate "2015.07.13"]
[EventType "swiss"]
[EventRounds "9"]
[EventCountry "ESP"]
[SourceTitle "Ajedrez en Madrid"]
[Source "lmi"]
[SourceDate "2015.07.13"]
[SourceVersion "1"]
[SourceVersionDate "2019.06.21"]
[SourceQuality "1"]

1. e4 e6 2. d4 d5 3. Nd2 c5 4. Ngf3 a6 5. a3 Qb6 6. c3 Bd7 7. Bd3 Nc6 8. O-O
Na5 9. Re1 Bb5 10. Bxb5+ Qxb5 11. exd5 cxd4 12. dxe6 f6 13. Nxd4 Qd5 14. N2f3
O-O-O 15. Bd2 Nc4 16. b3 Nxd2 17. Nxd2 g5 18. Qg4 Kb8 19. Nc4 h5 20. Qg3+ Ka7
21. Qc7 Bc5 22. b4 Bxd4 23. cxd4 Re8 24. Qb6+ Kb8 25. Qd6+ Qxd6 26. Nxd6 Re7
27. Rac1 Nh6 28. h3 h4 29. d5 f5 30. Rc3 g4 31. Rec1 Rhh7 32. Rc8+ Ka7 33. b5
gxh3 34. gxh3 Rhg7+ 35. Kf1 axb5 36. Nxb5+ Ka6 37. Nd6 f4 38. Rb1 b6 39. Ra8+
Ra7 40. Rxa7+ Kxa7 41. f3 Ng8 42. Nf5 Rh7 43. d6 Rh5 44. e7 Nf6 45. Rb5 Rh8 46.
Re5 Kb7 47. Ng7 Kc8 48. e8=Q+ Nxe8 49. Nxe8 Kd7 50. Re7+ Kd8 51. Nf6 b5 0-1

[Event "17. Obert Int. Sant Marti 2015 - B"]
[Site "Barcelona ESP"]
[Date "2015.07.21"]
[Round "9.60"]
[White "Perez Serrallonga, Maxima"]
[Black "Martin Valentin, Manuel"]
[Result "1/2-1/2"]
[WhiteElo "1655"]
[BlackElo "1750"]
[PlyCount "105"]
[EventDate "2015.07.13"]
[EventType "swiss"]
[EventRounds "9"]
[EventCountry "ESP"]
[SourceTitle "Ajedrez en Madrid"]
[Source "lmi"]
[SourceDate "2015.07.13"]
[SourceVersion "1"]
[SourceVersionDate "2019.06.21"]
[SourceQuality "1"]

1. d4 Nf6 2. c4 g6 3. Nf3 Bg7 4. e3 d5 5. Nc3 O-O 6. Be2 b6 7. O-O Bb7 8. b3
Nbd7 9. h3 c5 10. Re1 Ne4 11. Bb2 Ndf6 12. Ne5 a6 13. Bf3 Rc8 14. Ne2 Nd7 15.
Nxd7 Qxd7 16. Nf4 e6 17. Nd3 f5 18. Ne5 Bxe5 19. dxe5 Rfd8 20. Qc2 d4 21. Rad1
d3 22. Qb1 b5 23. Bxe4 fxe4 24. Bc3 Ba8 25. a3 Rb8 26. Ba5 Rf8 27. Rf1 bxc4 28.
Qc1 Qb5 29. Bc7 Rb7 30. Bd6 Rff7 31. Qxc4 Qxc4 32. bxc4 Rb2 33. Bxc5 Rfb7 34.
Bb4 Rc7 35. c5 a5 36. Bc3 Rc2 37. Bd2 R7xc5 38. f3 a4 39. f4 Ra2 40. Rf2 Bd5
41. Bb4 Rcc2 42. Rxc2 Rxc2 43. Kh2 Bb3 44. Rd2 Kf7 45. Kg3 h6 46. h4 h5 47. Kf2
Ke8 48. Ke1 Kd7 49. g3 Kc6 50. Rxc2+ Bxc2 51. Kd2 Kd5 52. Bc3 Kc4 53. Bb4
1/2-1/2

[Event "17. Obert Int. Sant Marti 2015 - B"]
[Site "Barcelona ESP"]
[Date "2015.07.21"]
[Round "9.61"]
[White "Ferrer Ache, Jesus"]
[Black "Porta Guiu, Lourdes"]
[Result "1-0"]
[WhiteElo "1723"]
[BlackElo "1700"]
[PlyCount "73"]
[EventDate "2015.07.13"]
[EventType "swiss"]
[EventRounds "9"]
[EventCountry "ESP"]
[SourceTitle "Ajedrez en Madrid"]
[Source "lmi"]
[SourceDate "2015.07.13"]
[SourceVersion "1"]
[SourceVersionDate "2019.06.21"]
[SourceQuality "1"]

1. c4 c5 2. e4 Nf6 3. d3 d6 4. Nc3 Nc6 5. Nf3 g6 6. Be2 Bg7 7. O-O O-O 8. Rb1
Bd7 9. h3 a6 10. Be3 b5 11. cxb5 axb5 12. Nxb5 Rxa2 13. Nc3 Ra8 14. Nd2 Rb8 15.
f4 Bc8 16. Kh2 Nd7 17. Nf3 Qe8 18. Qd2 Bb7 19. g4 e5 20. f5 gxf5 21. gxf5 f6
22. Rg1 Rf7 23. Nh4 Kf8 24. Bh5 Ke7 25. Bxf7 Qxf7 26. Rg2 Nd4 27. Nd5+ Bxd5 28.
exd5 Nf8 29. Rbg1 Ng6 30. fxg6 hxg6 31. Nxg6+ Kd8 32. Bxd4 cxd4 33. Qa5+ Kc8
34. Rc1+ Kd7 35. Rc7+ Ke8 36. Rxf7 Kxf7 37. Qc7+ 1-0

[Event "17. Obert Int. Sant Marti 2015 - B"]
[Site "Barcelona ESP"]
[Date "2015.07.21"]
[Round "9.62"]
[White "Bernat Mor, Juli"]
[Black "Trabado Nieto, David"]
[Result "1-0"]
[WhiteElo "1687"]
[BlackElo "1722"]
[PlyCount "41"]
[EventDate "2015.07.13"]
[EventType "swiss"]
[EventRounds "9"]
[EventCountry "ESP"]
[SourceTitle "Ajedrez en Madrid"]
[Source "lmi"]
[SourceDate "2015.07.13"]
[SourceVersion "1"]
[SourceVersionDate "2019.06.21"]
[SourceQuality "1"]

1. e4 Nf6 2. Nc3 e5 3. Nf3 Nc6 4. d4 d5 5. Nxe5 Nxe5 6. dxe5 Nxe4 7. Nxe4 dxe4
8. Qxd8+ Kxd8 9. Bf4 Bf5 10. O-O-O+ Ke8 11. Rd4 c5 12. Bb5+ Ke7 13. Rd5 Rc8 14.
Rhd1 Ke6 15. Bd7+ Ke7 16. Bxc8 f6 17. Bxf5 fxe5 18. Bxe5 Ke8 19. Rd8+ Kf7 20.
R1d7+ Kg8 21. Be6# 1-0

[Event "17. Obert Int. Sant Marti 2015 - B"]
[Site "Barcelona ESP"]
[Date "2015.07.21"]
[Round "9.63"]
[White "Ramos Fernández, Pilar"]
[Black "Ortega Farrus, Alfonso"]
[Result "0-1"]
[WhiteElo "1609"]
[BlackElo "1704"]
[PlyCount "94"]
[EventDate "2015.07.13"]
[EventType "swiss"]
[EventRounds "9"]
[EventCountry "ESP"]
[SourceTitle "Ajedrez en Madrid"]
[Source "lmi"]
[SourceDate "2015.07.13"]
[SourceVersion "1"]
[SourceVersionDate "2019.06.21"]
[SourceQuality "1"]

1. e4 d5 2. exd5 Qxd5 3. Nc3 Qa5 4. d4 Nf6 5. Nf3 c6 6. Bc4 Bg4 7. Bxf7+ Kxf7
8. Ne5+ Qxe5+ 9. dxe5 Bxd1 10. Nxd1 Nd5 11. O-O e6 12. Re1 Bc5 13. Ne3 Nxe3 14.
Bxe3 Bxe3 15. Rxe3 Rd8 16. Rf3+ Kg8 17. Re1 Rd2 18. h3 Nd7 19. Re4 Nb6 20. Ref4
Rdd8 21. g4 Nd5 22. Rf7 Rab8 23. c4 Nb6 24. c5 Nd5 25. h4 Rf8 26. Rxf8+ Rxf8
27. Rb3 b6 28. cxb6 axb6 29. a4 Rf4 30. f3 Rxa4 31. h5 c5 32. f4 Rxf4 33. Rg3
Re4 34. g5 Rxe5 35. h6 g6 36. Kg2 Rf5 37. b3 e5 38. Rg4 Ne3+ 39. Kg3 Nxg4 40.
Kxg4 e4 41. b4 cxb4 42. Kh4 e3 43. Kg4 e2 44. Kh4 e1=Q+ 45. Kg4 Qg1+ 46. Kh4
Rf2 47. Kh3 Rh2# 0-1

[Event "17. Obert Int. Sant Marti 2015 - B"]
[Site "Barcelona ESP"]
[Date "2015.07.21"]
[Round "9.64"]
[White "Blanes Gay, Sir Nil"]
[Black "Tordera Jumilla, Joaquim"]
[Result "1-0"]
[WhiteElo "1679"]
[BlackElo "1545"]
[PlyCount "79"]
[EventDate "2015.07.13"]
[EventType "swiss"]
[EventRounds "9"]
[EventCountry "ESP"]
[SourceTitle "Ajedrez en Madrid"]
[Source "lmi"]
[SourceDate "2015.07.13"]
[SourceVersion "1"]
[SourceVersionDate "2019.06.21"]
[SourceQuality "1"]

1. e4 c6 2. d4 d5 3. e5 Bf5 4. Be3 e6 5. Nd2 Qa5 6. Be2 Be4 7. Ngf3 Nd7 8. O-O
c5 9. Nxe4 dxe4 10. Nd2 Qc7 11. c3 Ne7 12. Nxe4 c4 13. f4 O-O-O 14. Qa4 Nb6 15.
Qxa7 Nc6 16. Qxb6 Qxb6 17. Rfb1 Nxd4 18. Bxc4 Ne2+ 19. Kf2 Qc6 20. Bxe2 Qxe4
21. c4 Bb4 22. a3 Bd2 23. Bxd2 Rxd2 24. Re1 Qxf4+ 25. Kg1 Rhd8 26. Rad1 Qe3+
27. Kf1 Qxe5 28. b4 g5 29. h3 Kc7 30. a4 b6 31. g4 Qe3 32. c5 Qxc5 33. bxc5
bxc5 34. a5 R2d6 35. Rxd6 Rxd6 36. Rb1 e5 37. a6 Rf6+ 38. Ke1 Rf4 39. Ra1 Kb6
40. a7 1-0

[Event "17. Obert Int. Sant Marti 2015 - B"]
[Site "Barcelona ESP"]
[Date "2015.07.21"]
[Round "9.65"]
[White "Martimpé Burgués, Xavier"]
[Black "Marcelo, Diego Luis"]
[Result "1-0"]
[WhiteElo "1611"]
[BlackElo "1718"]
[PlyCount "65"]
[EventDate "2015.07.13"]
[EventType "swiss"]
[EventRounds "9"]
[EventCountry "ESP"]
[SourceTitle "Ajedrez en Madrid"]
[Source "lmi"]
[SourceDate "2015.07.13"]
[SourceVersion "1"]
[SourceVersionDate "2019.06.21"]
[SourceQuality "1"]

1. e4 e5 2. Nf3 Nc6 3. Bb5 d6 4. Nc3 a6 5. Ba4 b5 6. Bb3 Nf6 7. d3 Bd7 8. Ng5
d5 9. exd5 Nd4 10. O-O Nxb3 11. cxb3 b4 12. Na4 Nxd5 13. Qe1 Be7 14. Qxe5 Bc6
15. Qxg7 Nf6 16. Qxf7+ Kd7 17. Qe6+ Ke8 18. Qxc6+ Kf8 19. Ne6+ Kf7 20. Nxd8+
Raxd8 21. Qc4+ Kf8 22. Bh6+ Ke8 23. Qe6 Rd6 24. Qc8+ Kf7 25. Qxh8 Rd8 26. Qg7+
Ke8 27. Rfe1 Kd7 28. Qxe7+ Kc8 29. Bf4 Nd5 30. Qe6+ Kb7 31. Nc5+ Ka7 32. Qxa6+
Kb8 33. Qb7# 1-0

[Event "17. Obert Int. Sant Marti 2015 - B"]
[Site "Barcelona ESP"]
[Date "2015.07.21"]
[Round "9.66"]
[White "Castellvell Diez, Maria Nuria"]
[Black "Borja Casas, Jordi"]
[Result "0-1"]
[WhiteElo "1566"]
[BlackElo "1764"]
[PlyCount "70"]
[EventDate "2015.07.13"]
[EventType "swiss"]
[EventRounds "9"]
[EventCountry "ESP"]
[SourceTitle "Ajedrez en Madrid"]
[Source "lmi"]
[SourceDate "2015.07.13"]
[SourceVersion "1"]
[SourceVersionDate "2019.06.21"]
[SourceQuality "1"]

1. e4 e6 2. Nf3 d5 3. e5 Bc5 4. d4 Bb6 5. Nbd2 Nc6 6. b3 Nxd4 7. Ba3 Ne7 8. Rc1
O-O 9. Nh4 Re8 10. g3 Nec6 11. Ndf3 f6 12. Bg2 fxe5 13. c4 Nxf3+ 14. Nxf3 e4
15. c5 exf3 16. Qxf3 Ba5+ 17. Ke2 Nd4+ 18. Kf1 Nxf3 19. Bxf3 Bd2 20. Rd1 Bg5
21. h4 Bf6 22. h5 b6 23. c6 Ba6+ 24. Kg2 Bb5 25. h6 Bxc6 26. Kg1 g6 27. Rd4
Bxd4 28. Bh5 gxh5 29. Rxh5 Qf6 30. Rh2 a5 31. Kg2 Bxf2 32. Rh4 d4+ 33. Kh3 Kh8
34. Rf4 Qxh6+ 35. Kg4 Rg8# 0-1